000 00931nam2a22002411 4500
001 RU\NLR\Per\993800
005 20250614014121.0
035 _a(NLR Aleph) 010232454
090 _a10363151
_c10363151
100 _a20131211d2008 |||y0rusy50 ca
101 0 _arus
102 _aRU
105 _ay |||||||||
200 0 _a2008, № 4
210 _d2008
_aБ. м.
461 0 _1001RU\NLR\INFOCOMM7\1000075004
_12001#$aРоссийский адвокат$eОбществ.-правовой журн.$fУчредитель: Гильдия рос. адвокатов$v2008, № 4
_94387107
_cМ.
_d1995 -
_fУчредитель: Гильдия рос. адвокатов
_oОбществ.-правовой журн.
_tРоссийский адвокат
_x1025-7225
_v2008, № 4
801 1 _aRU
_bInfoComm
_c20041008
801 0 _aRU
_bNLR
_gPSBO
852 _aNLR
_jП23/3891
942 _cISSUE
980 _aNB
980 _aRUSPER